The power of the spirit / (Record no. 4708)
[ view plain ]
| 000 -LEADER | |
|---|---|
| fixed length control field | 00717cam a2200265Ii 4500 |
| 001 - CONTROL NUMBER | |
| control field | 35719 |
| 003 - CONTROL NUMBER IDENTIFIER | |
| control field | GBCCL |
| 005 - DATE AND TIME OF LATEST TRANSACTION | |
| control field | 20241126110524.0 |
| 008 - FIXED-LENGTH DATA ELEMENTS--GENERAL INFORMATION | |
| fixed length control field | 760210s1971 xx 000 0 eng d |
| 020 ## - INTERNATIONAL STANDARD BOOK NUMBER | |
| International Standard Book Number | 0875082475 |
| 035 ## - SYSTEM CONTROL NUMBER | |
| System control number | (OCoLC)01982297 |
| 040 ## - CATALOGING SOURCE | |
| Original cataloging agency | MNL |
| Transcribing agency | MNL |
| Modifying agency | MSV |
| 049 ## - | |
| -- | LBBK |
| -- | LBBA |
| 082 ## - DEWEY DECIMAL CLASSIFICATION NUMBER | |
| Classification number | 231.3 |
| Item number | LAW |
| 092 ## - LOCALLY ASSIGNED DEWEY CALL NUMBER (OCLC) | |
| Classification number | 231.3 |
| Item number | L416 |
| 100 1# - MAIN ENTRY--PERSONAL NAME | |
| Personal name | Law, William. |
| 9 (RLIN) | 8613 |
| 245 14 - TITLE STATEMENT | |
| Title | The power of the spirit / |
| Statement of responsibility, etc. | ed. by David Hunt. |
| 260 ## - PUBLICATION, DISTRIBUTION, ETC. | |
| Place of publication, distribution, etc. | Fort Washington, Pa. : |
| Name of publisher, distributor, etc. | Christian Literature, |
| Date of publication, distribution, etc. | c1971. |
| 300 ## - PHYSICAL DESCRIPTION | |
| Extent | 189 p. ; |
| Dimensions | 18 cm. |
| 650 #0 - SUBJECT ADDED ENTRY--TOPICAL TERM | |
| Topical term or geographic name entry element | Holy Spirit. |
| 9 (RLIN) | 225 |
| 650 #0 - SUBJECT ADDED ENTRY--TOPICAL TERM | |
| Topical term or geographic name entry element | Christian life. |
| 9 (RLIN) | 183 |
| 650 #0 - SUBJECT ADDED ENTRY--TOPICAL TERM | |
| Topical term or geographic name entry element | Christianity. |
| 9 (RLIN) | 479 |
| 700 1# - ADDED ENTRY--PERSONAL NAME | |
| Personal name | Hunt, David, |
| Relator term | ed. |
| 9 (RLIN) | 8614 |
| 942 ## - ADDED ENTRY ELEMENTS (KOHA) | |
| Source of classification or shelving scheme | Dewey Decimal Classification |
| Koha item type | Books |
| Koha issues (borrowed), all copies | 12 |
| Withdrawn status | Lost status | Source of classification or shelving scheme | Damaged status | Not for loan | Home library | Current Library | Shelving location | Date acquired | Total checkouts | Total renewals | Full call number | Barcode | Date last seen | Date last checked out | Copy number | Price effective from | Koha item type |
|---|---|---|---|---|---|---|---|---|---|---|---|---|---|---|---|---|---|
| Dewey Decimal Classification | GRACE BIBLE COLLEGE | GRACE BIBLE COLLEGE | Theology | 2018-02-01 | 12 | 1 | 231.3 LAW | 007987 | 2025-05-01 | 2023-09-16 | c.1 | 2018-02-01 | Books |